| 000 | 00473nam a2200181 i 4500 | ||
|---|---|---|---|
| 001 | 36961 | ||
| 003 | ES-MaACL | ||
| 007 | t| | ||
| 008 | 030219s1974 fr ||||1| fre d | ||
| 100 | 1 |
_aBruaire, Claude. _932052 |
|
| 245 | 1 | 3 |
_aLa raison politique / _cClaude Bruaire. |
| 260 |
_a[Paris] : _bFayard, _c[1974] |
||
| 300 |
_a266 p. ; _c21 cm. |
||
| 490 | 1 | _aEvolutions | |
| 830 | 0 |
_aEvolutions _9229616 |
|
| 852 |
_aES-MaACL _jE-5769 _bR.90025 |
||
| 999 |
_c36961 _d36961 |
||